000 00461nam a2200169Ia 4500
008 220216s9999 xx 000 0 und d
100 _aCornish Katrina
245 0 _aBiotechnological development of domestic rubber producing crops
260 _bRubber World
_c2005
300 _a40-44
650 _aRubber biosynthesis
700 _aMcMahan Colleen M
700 _aPearson Calvin H
700 _aRay Dennis T
700 _aShintani David K
942 _cJS
999 _c54822
_d54822